Skip to main content
Your cart is empty.
Your lists
Log in to create your own lists
Your cookies
العربية
English
العربية
Home
Search
Advanced search
Authority search
About
The noble scholar, jurist, historian
His Excellency Dr. Abdul Wahhab bin Ibrahim Abu Sulaiman, may Allah have mercy on him.
He was born in Umm Al-Qura in the year 1356 AH.
Library catalog
Title
Author
Subject
ISBN
ISSN
Series
Call number
Log in to your account
×
Login:
Password:
Home
MARC view: الفكر الإسلامي :
Normal view
MARC view
ISBD view
الفكر الإسلامي : (Record no. 13785)
[
view plain
]
MARC details
000 -LEADER
fixed length control field
01964cam a2200325 i 4500
003 - CONTROL NUMBER IDENTIFIER
control field
SA-RiAUC
005 - DATE AND TIME OF LATEST TRANSACTION
control field
20251229092915.0
008 - FIXED-LENGTH DATA ELEMENTS--GENERAL INFORMATION
fixed length control field
251120s1998 le g 00000 ara c
020 ## - INTERNATIONAL STANDARD BOOK NUMBER
International Standard Book Number
1855160951
024 0# - OTHER STANDARD IDENTIFIER
Standard number or code
00000000975140
040 ## - CATALOGING SOURCE
Original cataloging agency
SA-RiAUC
Language of cataloging
ara
Transcribing agency
SA-RiAUC
Modifying agency
AE-DuMBRL
Description conventions
rda
041 1# - LANGUAGE CODE
Language code of text/sound track or separate title
ara
Language code of original
und
050 #4 - LIBRARY OF CONGRESS CALL NUMBER
Item number
.A75125 1998
082 04 - DEWEY DECIMAL CLASSIFICATION NUMBER
Classification number
189.1
Assigning agency
SA-RiAUC
090 ## - LOCALLY ASSIGNED LC-TYPE CALL NUMBER (OCLC); LOCAL CALL NUMBER (RLIN)
Classification number (OCLC) (R) ; Classification number, CALL (RLIN) (NR)
189.1
Local cutter number (OCLC) ; Book number/undivided call number, CALL (RLIN)
ا ر ك
100 1# - MAIN ENTRY--PERSONAL NAME
Personal name
أركون، محمد،
Dates associated with a name
1928-2010
Relator term
مؤلف.
245 12 - TITLE STATEMENT
Title
الفكر الإسلامي :
Remainder of title
نقد واجتهاد /
Statement of responsibility, etc.
الدكتور محمد أركون ؛ ترجمة هاشم صالح.
250 ## - EDITION STATEMENT
Edition statement
الطبعة الثالثة.
264 #1 - PRODUCTION, PUBLICATION, DISTRIBUTION, MANUFACTURE, AND COPYRIGHT NOTICE
Place of production, publication, distribution, manufacture
بيروت ؛
--
لندن :
Name of producer, publisher, distributor, manufacturer
دار الساقي،
Date of production, publication, distribution, manufacture, or copyright notice
1998.
300 ## - PHYSICAL DESCRIPTION
Extent
339 صفحة ؛
Dimensions
24 × 17 سم
336 ## - CONTENT TYPE
Content type term
نص
Content type code
txt
Source
rdacontent
Materials specified
كتاب
337 ## - MEDIA TYPE
Media type term
بدون وسيط
Media type code
n
Source
rdamedia
338 ## - CARRIER TYPE
Carrier type term
مجلد
Carrier type code
nc
Source
rdacarrier
520 ## - SUMMARY, ETC.
Summary, etc.
يتناول كتاب (الفكر الإسلامي نقد واجتهاد) والذي قام بتأليفه د. محمد أركون، موضوع (علم النفس الحديث) يعد هذا الكتاب مساهمة تجديد من مؤلفه في مجال الفكر العربي والاسلامي، ركيزتها الفحص والنقد وسبر أغوار الحدث في مساره التاريخي، وعلى ضوء معطيات معاصرة. الكتاب يضع القرآن الكريم في مواجهة الصيغ النظرية للفكر الحديث، هادفا من ذلك إنشاء رؤية نقدية في ميادين العلوم الانسانية، بما يتجاوز التفاسير المتداولة.
650 #7 - SUBJECT ADDED ENTRY--TOPICAL TERM
Topical term or geographic name entry element
الفلسفة الإسلامية
Source of heading or term
aucsh
700 1# - ADDED ENTRY--PERSONAL NAME
Personal name
صالح، هاشم،
Dates associated with a name
1950-
Relator term
مترجم.
942 ## - ADDED ENTRY ELEMENTS (KOHA)
Source of classification or shelving scheme
Dewey Decimal Classification
Koha item type
Books
Suppress in OPAC
No
949 ## - LOCAL PROCESSING INFORMATION (OCLC)
a
SA-JeALM
d
251120
u
mohamedma123
n
1
Holdings
Withdrawn status
Lost status
Source of classification or shelving scheme
Damaged status
Not for loan
Home library
Current library
Date acquired
Total checkouts
Full call number
Barcode
Date last seen
Price effective from
Koha item type
Dewey Decimal Classification
DR AbdElwahab Library
DR AbdElwahab Library
12/29/2025
189.1 ا ر ك
000022104
12/29/2025
12/29/2025
Books
Place hold
Print
Add to your cart
(remove)
Save record
BIBTEX
Dublin Core
MARCXML
MARC (non-Unicode/MARC-8)
MARC (Unicode/UTF-8)
MARC (Unicode/UTF-8, Standard)
MODS (XML)
RIS
ISBD
More searches
Search for this title in:
Other Libraries (WorldCat)
Other Databases (Google Scholar)
Online Stores (Bookfinder.com)
Open Library (openlibrary.org)
Exporting to Dublin Core...
×
Simple DC-RDF
OAI-DC
SRW-DC